| 000 | 00351nam a2200121Ia 4500 | ||
|---|---|---|---|
| 008 | 170224s9999 xx 000 0 und d | ||
| 245 | _aProducing a commentary slows concurrent hazard perception responses. | ||
| 260 | _bJournal of Experimental Psychology: Applied | ||
| 260 | _c2014 | ||
| 300 | _a20:3 | ||
| 500 | _aSeptember | ||
| 650 | _xPsychology. | ||
| 999 |
_c316643 _d316643 |
||